000 01277nam a22002297a 4500
999 _c34373
_d34373
003 OSt
005 20241114190411.0
008 210511b ||||| |||| 00| 0 eng d
040 _cBCRI
082 _a610.72
100 1 _aMartínez Laínez, Jenifer Beatriz
_947765
245 0 0 _aFactores que influyen en la adherencia al tratamiento en pacientes con diabetes mellitus tipo 2 entre las edades de 40 a 80 años, que asisten a la Unidad de Salud Intermedia de Santo Domingo, en el periodo comprendido de enero a junio de 2023
_b: investigación
_cJenifer Beatriz Martínez Laínez, Sindy Aleyda de la O Gáleas, Fátima Elizabeth Rauda López
260 _aIlobasco (Cabañas)
_b Universidad Católica de El Salvador CRI
_c2023
300 _a83 h.
_bil.
_c30 cm.
_eVersión digital en USB
500 _aPrecede al tít.: Universidad Católica de El Salvador, Facultad Multidisciplinaria
502 _aPara optar al grado académico de Licenciadas en Enfermería
650 0 _914936
_aEnfermería
_xInvestigación
700 1 _947766
_aDe la O Gáleas, Sindy Aleyda
700 1 _947767
_aRauda López, Fátima Elizabeth
710 _aUniversidad Católica de El Salvador
_bCentro Regional de Ilobasco
_bFacultad Multidisciplinaria
_940915
942 _2ddc
_cTG
_hprozim